La meta secreta de los templarios
Uloženo v:
| Hlavní autor: | |
|---|---|
| Médium: | Kniha |
| Jazyk: | Undetermined |
| Vydáno: |
Barcelona, España
Ediciones Martínez Roca
1998
|
| Témata: | |
| Tagy: |
Přidat tag
Žádné tagy, Buďte první, kdo vytvoří štítek k tomuto záznamu!
|
MARC
| LEADER | 00000nam a2200000Ia 4500 | ||
|---|---|---|---|
| 008 | 170316s9999 xx 000 0 und d | ||
| 040 | |a cru BVZT | ||
| 090 | |a 862 A-42.1m | ||
| 100 | |a Atienza, Juan G. | ||
| 245 | |a La meta secreta de los templarios | ||
| 260 | |a Barcelona, España | ||
| 260 | |b Ediciones Martínez Roca | ||
| 260 | |c 1998 | ||
| 300 | |a 255 páginas | ||
| 650 | |a LITERATURA ESPAÑOLA | ||
| 650 | |a LOS BUSCADORES DEL CONOCIMIENTO | ||
| 650 | |a LA CABALA | ||
| 650 | |a TRES ENCLAVES TEMPLARIOS | ||
| 650 | |a ATLAS INCOMPLETO PARA UNA GEOGRAFIA OCULTA | ||
| 650 | |a LOS VIGILANTES | ||
| 650 | |a DIOSES QUE ERAN SABIOS | ||
| 650 | |a DEL LABERINTO A LA BIBLIA DE PIEDRA | ||
| 650 | |a JUEGO CÓSMICO | ||
| 650 | |a LEYENDAS | ||
| 650 | |a EL ÁRBOL DE LA VIDA Y DE LA CIENCIA | ||
| 650 | |a LAS FAUCES DEL LEÓN | ||
| 650 | |a LA CARA Y LA CRUZ DE LA MEDALLA | ||
| 999 | |c 9451 |d 9451 | ||
| 942 | |c 15 D |h 862 A-42.1m |2 z | ||
